Times que Ronaldo Fenômeno Jogou - Statistics

Estatísticas Gerais
  • Esse quiz foi jogado 239 vezes
  • A pontuação média é 6 de 7
Estatísticas das Respostas
Anos Jogos Resposta % Correto
2002–2007 177 Real Madrid
99%
2009–2011 69 Corinthians
95%
1997–2002 99 Internazionale
94%
1996–1997 49 Barcelona
92%
2007–2008 20 Milan
92%
1993–1994 47 Cruzeiro
91%
1994–1996 57 PSV Eindhoven
83%
Nenhum quiz correspondente encontrado
Distribuição das Pontuações
Porcentagem de Pessoas com Cada Pontuação
Percentil de Números Respondidos
Sua Pontuação Histórica
Você não jogou esse quiz